000 00733nam a22002297a 4500
008 131114b xxu||||| |||| 00| 0 alb d
020 _a9992777141
041 0 _aalb
080 _a339.928
_x(4)
100 1 _aMilo, Paskal
245 1 0 _aBashkimi Evropian :
_cPaskal Milo.
260 _aTiranë :
_b"Albaper" ;
_c[2002].
300 _a392 f. ;
_c21 cm.
500 _aParathënie : f. 5-7
505 _aIndeksi : f. 365-378
505 _aBibliografia : f. 379-391
650 0 _aBashkimi Evropian
_xIntegrimi ekonomik
650 0 _aEvropa
_xMarrëdhënie me jashtë
_zKosovë
650 0 _aEvropa
_vMarrëdhënie me jashtë
_zShqipëri
650 0 _aÇështja e Kosovës
942 _2udc
_cBK
999 _c313
_d313